00800nam a22002415a 450000500170000000800410001701000140005802000270007202000240009903500130012303700130013604000080014908200110015710000370016824500800020525000060028526000460029127000510033730000250038850000820041365000370049570000260053220080522115808.0080520s2008 nyu 000 0 eng  aENG-95809 a9788124604939c1400.00 a8124604932c1400.00 aEN-79342 bDBAD/PUB aDPL a230.65 aKogata, R.N.d1964-qRam Narayan aIndian marriage :cby R. N. Kogata and Lalita Kogatabcustoms and rituals / a. aNew DelhibD.K. Printworld (P) Ltd.c2009 a'Sri Kunj' F-52, Bali NagarbNew Delhie110015 ax,125p.;b28cm. (Hb) aIncludes verses in Sanskrit (Devanagari and roman); with English translation. aHindu marriage customs and rites aKogata, Lalitad1964-